Famous German Musicians - Statistics

General Stats
  • This quiz has been taken 127 times
  • The average score is 8 of 17
Answer Stats
Hint Answer % Correct
Ode to Joy, Moonlight Sonata Ludwig van Beethoven
86%
99 Red Balloons; Irgendwie, irgendwo, irgendwann Nena
82%
Brandenburg Concertos, Goldberg Variations Johann Sebastian Bach
78%
Du Hast, Sonne, Engel Rammstein
68%
Rock you like a Hurricane, Wind of Change The Scorpions
68%
Der Ring des Nibelungen, Tannhäuser Richard Wagner
64%
Daddy Cool, Rasputin, Rivers of Babylon Boney M
62%
Water Music, Messiah George Frideric Handel
60%
The Model, Autobahn, The Robots Kraftwerk
59%
Pirates of the Carribean Theme, Dark Knight Score Hans Zimmer
51%
Unfinished Symphony, Winterreise Franz Schubert
38%
Wedding March, The Hebrides Felix Mendelssohn
31%
Girl You Know It's True, Baby Don't Forget My Number Milli Vanilli
31%
Also sprach Zarathustra, Don Quixote Richard Strauss
31%
Der Mussolini, Verschwende deine Jugend DAF
14%
Spoon , I Want More, Tago Mago Can
11%
Halber Mensch, Haus der Lüge Einstürzende Neubauten
9%
No matching quizzes found
Score Distribution
Percent of People with Each Score
Percentile by Number Answered
Your Score History
You have not taken this quiz